|
|
|
|
| LEADER |
00000caa a2200000 c 4500 |
| 001 |
117862756X |
| 003 |
DE-627 |
| 005 |
20220525102820.0 |
| 007 |
tu |
| 008 |
031203s2002 xx ||||| 00| ||ger c |
| 020 |
|
|
|a 3933442222
|
| 035 |
|
|
|a (DE-627)117862756X
|
| 035 |
|
|
|a (DE-576)10862756X
|
| 035 |
|
|
|a (DE-599)BSZ10862756X
|
| 040 |
|
|
|a DE-627
|b ger
|c DE-627
|e rakwb
|
| 041 |
|
|
|a ger
|
| 100 |
1 |
|
|a Zott, Heinrich
|4 aut
|
| 245 |
1 |
0 |
|a Grundlagen internationaler Zusammenarbeit in der Kriminalitätskontrolle im Rahmen der Europäischen Union
|c Heinrich Zott
|
| 264 |
|
1 |
|c 2002
|
| 300 |
|
|
|a S. 103 - 116
|
| 336 |
|
|
|a Text
|b txt
|2 rdacontent
|
| 337 |
|
|
|a ohne Hilfsmittel zu benutzen
|b n
|2 rdamedia
|
| 338 |
|
|
|a Band
|b nc
|2 rdacarrier
|
| 773 |
0 |
8 |
|i In:
|t Mobilität und Kriminalität - die Straße als Tatort
|d Dresden : Sächsisches Dr.- und Verl.-Haus, 2002
|g (2002), Seite 103 - 116
|h 124 S.
|w (DE-627)362341990
|w (DE-576)104436573
|z 3933442222
|7 nnam
|
| 773 |
1 |
8 |
|g year:2002
|g pages:103 - 116
|
| 889 |
|
|
|w (DE-576)455772290
|
| 951 |
|
|
|a AR
|
| ELC |
|
|
|b 1
|
| LOK |
|
|
|0 000 xxxxxcx a22 zn 4500
|
| LOK |
|
|
|0 001 2899214446
|
| LOK |
|
|
|0 003 DE-627
|
| LOK |
|
|
|0 004 117862756X
|
| LOK |
|
|
|0 005 20181108230029
|
| LOK |
|
|
|0 008 160208||||||||||||||||ger|||||||
|
| LOK |
|
|
|0 040
|a DE-21-110
|c DE-627
|d DE-21-110
|
| LOK |
|
|
|0 689
|a s
|a Polizei
|
| LOK |
|
|
|0 689
|a s
|a Europa
|
| LOK |
|
|
|0 852
|z Kein Bestand am IfK; Nachweis für KrimDok
|
| LOK |
|
|
|0 852
|a DE-21-110
|
| LOK |
|
|
|0 852 1
|m v
|9 00
|
| LOK |
|
|
|0 935
|a k110
|
| LOK |
|
|
|0 938
|k v
|
| LOK |
|
|
|0 939
|a 08-02-16
|b l01
|
| ORI |
|
|
|a SA-MARC-krimdoka001.raw
|